| 000 | 00677ngm a2200181 a 4500 | ||
|---|---|---|---|
| 005 | 20230923063600.0 | ||
| 008 | 010917s1975 mx 008 d daspa d | ||
| 035 | _aUPN01000111638 | ||
| 049 | _aAV | ||
| 050 | 4 | _aPVI P 1170 | |
| 245 | 0 | 0 | _aJuventud, madurez, vejez y muerte. |
| 260 |
_aMéxico : _bPelículas Ebesa [distribuidor], _c[1975]. |
||
| 300 |
_a1 videocasete (VHS) (8 min.) : _bson., col. |
||
| 520 | _aEn cuatro minutos y sin moverse del mismo lugar, Mareau expresa las siete etapas del ser humano comenzando con el nacimiento, a través del ciclo de la vida, hasta la muerte | ||
| 650 | 4 | _aMIMICA | |
| 650 | 2 |
_aDesarrollo humano _913482 |
|
| 905 | _aAudiovisuales | ||
| 999 |
_c85546 _d85546 |
||